[Event "AUTO-OPEN-584"]
[Site "http://www.queenalice.com/game.php?id=276462"]
[Date "2007.9.24"]
[Round "3"]
[White "DuckKiller"]
[Black "rxk"]
[Result "0-1"]
[WhiteElo "1928"]
[BlackElo "1837"]

1. Nf3 e6 2. d4 d5 3. Nbd2 Nf6 4. e3 Nbd7 5. Bd3 c5 6. b3 cxd4 7. exd4 Bd6 8. c3
O-O 9. Qc2 Re8 10. O-O e5 11. dxe5 Bxe5 12. Bb2 Nb6 13. Nxe5 Rxe5 14. Nf3 Re8
15. Rae1 h6 16. c4 dxc4 17. Bxf6 gxf6 18. Rxe8+ Qxe8 19. bxc4 Be6 20. Re1 Nd7
21. Qa4 Nc5 22. Qxe8+ Rxe8 23. Bf1 Rd8 24. h3 Nd3 25. Bxd3 Rxd3 26. Rc1 Ra3 27.
Rc2 b6 28. Nd4 Kf8 29. Nb5 Ra4 30. c5 bxc5 31. Rxc5 Rxa2 32. Rc7 a5 0-1

[Event "AUTO-OPEN-584"]
[Site "http://www.queenalice.com/game.php?id=276463"]
[Date "2007.9.24"]
[Round "3"]
[White "rxk"]
[Black "DuckKiller"]
[Result "0-1"]
[WhiteElo "1843"]
[BlackElo "1928"]

1. d4 d5 2. c4 dxc4 3. Nc3 e6 4. Nf3 Nc6 5. e3 Nf6 6. Bxc4 Be7 7. O-O O-O 8. e4
a6 9. e5 Nd7 10. Bb3 Nb6 11. a3 Kh8 12. Qd3 f5 13. Bf4 g5 14. Be3 g4 15. Nd2 Bg5
16. d5 Nxe5 17. Bxg5 Nxd3 18. Bxd8 Rxd8 19. dxe6 Nf4 20. Rfe1 Rxd2 21. e7 Bd7
22. Bf7 Be8 23. Bxe8 Rxe8 0-1

[Event "AUTO-INT-375"]
[Site "http://www.queenalice.com/game.php?id=284091"]
[Date "2007.10.10"]
[Round "2"]
[White "iwanikow"]
[Black "DuckKiller"]
[Result "0-1"]
[WhiteElo "1748"]
[BlackElo "1928"]

1. e4 c5 2. c4 e6 3. d3 Nc6 4. Be2 Be7 5. Nf3 d6 6. O-O Bd7 7. Nc3 a6 8. a4 Nd4
9. b3 e5 10. Nd5 Nf6 11. Nxe7 Qxe7 12. Bg5 O-O 13. Rb1 b5 14. axb5 axb5 15. cxb5
Bxb5 16. b4 Ra2 17. Nxd4 cxd4 18. Bxf6 Qxf6 19. Bf3 Rc8 20. Qb3 Rca8 21. Qd5
Bxd3 22. Bg4 Bxb1 23. Rxb1 Qxf2+ 24. Kh1 Qxg2# 0-1

[Event "AUTO-INT-375"]
[Site "http://www.queenalice.com/game.php?id=284092"]
[Date "2007.10.10"]
[Round "2"]
[White "DuckKiller"]
[Black "iwanikow"]
[Result "1-0"]
[WhiteElo "1919"]
[BlackElo "1742"]

1. Nf3 d6 2. d4 b6 3. e3 c5 4. c3 cxd4 5. exd4 Nf6 6. Bd3 g6 7. Qc2 Bg7 8. Na3
O-O 9. Bd2 Nc6 10. O-O-O Bg4 11. h3 Be6 12. Kb1 a5 13. b3 Nd5 14. Ng5 Bd7 15. h4
Na7 16. h5 e5 17. hxg6 fxg6 18. Nxh7 Rxf2 19. Bxg6 Rxg2 20. Qe4 Bc6 21. Qf5 Rxd2
22. Qf7+ Kh8 23. Nf6+ 1-0

[Event "Challenge"]
[Site "http://www.queenalice.com/game.php?id=352195"]
[Date "2008.2.10"]
[Round "-"]
[White "DuckKiller"]
[Black "Blackangel"]
[Result "1-0"]
[WhiteElo "1965"]
[BlackElo "1984"]

1. Nf3 d5 2. d4 Nf6 3. Nbd2 Nc6 4. c3 e6 5. e3 Bd6 6. Bd3 O-O 7. Qc2 Re8 8. e4
dxe4 9. Nxe4 h6 10. Bd2 e5 11. O-O-O exd4 12. Nxd4 Nxd4 13. cxd4 Ng4 14. Be3 Be6
15. h3 Nxe3 16. fxe3 Bd5 17. Nxd6 Qxd6 18. Rhe1 Qg3 19. e4 Re6 20. Kb1 Rd8 21.
Rf1 Bxa2+ 22. Kxa2 Rxd4 23. Bc4 Rxd1 24. Qxd1 Qd6 25. Qxd6 Rxd6 26. Rxf7 Ra6+
27. Kb1 Rc6 28. Rxc7+ 1-0

[Event "Challenge"]
[Site "http://www.queenalice.com/game.php?id=369456"]
[Date "2008.3.11"]
[Round "-"]
[White "FBM"]
[Black "DuckKiller"]
[Result "1-0"]
[WhiteElo "1704"]
[BlackElo "1998"]

1. e4 c5 2. Nf3 d6 3. Bb5+ Nc6 4. d4 Bd7 5. Nc3 cxd4 6. Nxd4 Nxd4 7. Bxd7+ Qxd7
8. Qxd4 e5 9. Qd3 Ne7 10. Be3 Ng6 11. O-O-O Be7 12. Nb5 Rd8 13. Nxa7 O-O 14. Nb5
Nf4 15. Bxf4 exf4 16. g3 Ra8 17. Kb1 fxg3 18. hxg3 Qe6 19. c4 Qg6 20. f4 Rfc8
21. Rhg1 Qe6 22. Qd5 Qxd5 23. cxd5 Rc5 24. Na3 h6 25. Rc1 Raa5 26. Rxc5 Rxc5 27.
Rc1 Rxc1+ 28. Kxc1 h5 29. Nc4 b5 30. Na3 g5 31. fxg5 Bxg5+ 32. Kd1 Bf6 33. Nxb5
Be5 34. Ke2 Bxg3 35. Kf3 h4 36. Kg4 Kg7 37. a4 1-0

[Event "Heaven vs Hell-2"]
[Site "http://www.queenalice.com/game.php?id=412585"]
[Date "2008.6.3"]
[Round "2"]
[White "DuckKiller"]
[Black "Blackangel"]
[Result "1-0"]
[WhiteElo "1982"]
[BlackElo "1970"]

1. Nf3 b6 2. d4 Bb7 3. Nbd2 Nf6 4. e3 e6 5. Bd3 Nc6 6. c3 Ne7 7. Qc2 Ned5 8. a3
c5 9. c4 Nc7 10. O-O d5 11. dxc5 Bxc5 12. b4 Be7 13. cxd5 Ncxd5 14. e4 Nf4 15.
Bb5+ Kf8 16. Rd1 Rc8 17. Nc4 Qc7 18. e5 N6h5 19. Rd7 Qb8 20. Bxf4 Nxf4 21. Qd2
Nd5 22. Nd6 Bxd6 23. exd6 Rd8 24. Ne5 f6 25. Qd1 Qa8 26. Rf7+ Kg8 27. Qg4 g6 28.
Rxf6 Nxf6 29. Qxe6+ Kg7 30. Qe7+ Kh6 31. Nf7+ Kh5 32. Qe5+ Kg4 33. Qg5# 1-0

[Event "AUTO-MASTER-588"]
[Site "http://www.queenalice.com/game.php?id=449458"]
[Date "2008.8.16"]
[Round "1"]
[White "Guilherme_Ottoni"]
[Black "DuckKiller"]
[Result "1/2-1/2"]
[WhiteElo "1981"]
[BlackElo "1998"]

1. d4 d5 2. c4 Bf5 3. Nc3 c6 4. Nf3 e6 5. Qb3 Qc7 6. g3 Nf6 7. Bf4 Qb6 8. Qxb6
axb6 9. cxd5 Nxd5 10. Nxd5 exd5 11. Bxb8 Rxb8 12. a3 Bd6 13. Bg2 O-O 14. O-O
Rfe8 15. Rfe1 Rbd8 16. b4 c5 17. Nh4 Bg4 18. dxc5 bxc5 19. bxc5 Bxc5 20. Bf3 Be6
21. e3 Ra8 22. a4 g5 23. Ng2 Bd6 24. Red1 Ra5 25. Rdb1 Be5 26. Ra3 Re7 27. Ne1
Rc7 28. Nd3 Bd6 29. Raa1 1/2-1/2

[Event "AUTO-MASTER-588"]
[Site "http://www.queenalice.com/game.php?id=449459"]
[Date "2008.8.16"]
[Round "1"]
[White "DuckKiller"]
[Black "Guilherme_Ottoni"]
[Result "1/2-1/2"]
[WhiteElo "1997"]
[BlackElo "1989"]

1. Nf3 d5 2. d4 c5 3. e3 Nf6 4. c3 Qc7 5. b3 Bg4 6. Nbd2 Nbd7 7. Be2 e6 8. h3
Bxf3 9. Nxf3 Ne4 10. Bb2 cxd4 11. cxd4 Bb4+ 12. Kf1 O-O 13. Rc1 Qa5 14. a3 Bd6
15. b4 Qb6 16. Ne5 Nef6 17. Nxd7 Nxd7 18. Bd3 Rac8 19. Ke1 f5 20. Rc2 Nf6 21.
Rg1 h5 22. Rf1 Rxc2 23. Qxc2 Qc7 24. Qxc7 Bxc7 25. Ke2 Rc8 26. Rc1 Ne8 27. a4
Nd6 28. a5 Bd8 29. Rxc8 Nxc8 30. a6 b6 1/2-1/2

[Event "AUTO-MASTER-588"]
[Site "http://www.queenalice.com/game.php?id=449470"]
[Date "2008.8.16"]
[Round "1"]
[White "Alexandrovinsk"]
[Black "DuckKiller"]
[Result "0-1"]
[WhiteElo "2099"]
[BlackElo "2040"]

1. e4 c5 2. Nf3 e6 3. d4 cxd4 4. Nxd4 Bc5 5. Nb3 Bb6 6. Bd3 Ne7 7. O-O Ng6 8.
Nc3 Nc6 9. Kh1 O-O 10. f4 f5 11. exf5 exf5 12. Nd5 Kh8 13. Bd2 d6 14. Bc3 Be6
15. Nxb6 axb6 16. Qh5 Qh4 17. Qxh4 Nxh4 18. a3 Bd5 19. Rf2 Bxb3 20. cxb3 d5 21.
Bb5 Ng6 22. Rd1 Rfd8 23. g3 Kg8 24. Rfd2 Nge7 25. Kg2 Kh8 26. Be2 Rd7 27. Bf3
Rad8 28. Bd4 Nxd4 29. Rxd4 g6 30. R1d2 h5 31. b4 Kg7 32. b3 Rd6 33. Kf2 R6d7 34.
a4 Rd6 35. b5 Rc8 36. b4 Ra8 37. Ra2 Kf6 38. a5 Ra7 39. a6 bxa6 40. bxa6 Nc6 41.
Ke3 Re7+ 42. Kd3 Re4 43. Bxe4 dxe4+ 44. Kc4 Rxd4+ 45. Kb5 Rd6 46. a7 Nxa7+ 47.
Rxa7 e3 48. Ra3 e2 49. Re3 Re6 50. Rxe2 Rxe2 51. Kxb6 Rxh2 0-1

[Event "AUTO-MASTER-588"]
[Site "http://www.queenalice.com/game.php?id=449471"]
[Date "2008.8.16"]
[Round "1"]
[White "DuckKiller"]
[Black "Alexandrovinsk"]
[Result "1-0"]
[WhiteElo "2020"]
[BlackElo "2108"]

1. Nf3 Nf6 2. d4 d6 3. Nbd2 g6 4. e3 Bg7 5. Bd3 O-O 6. c3 Nbd7 7. Qc2 e5 8. dxe5
Nxe5 9. Nxe5 dxe5 10. Ne4 Nxe4 11. Bxe4 f5 12. Bf3 Rb8 13. h4 e4 14. Be2 h5 15.
Bd2 Be6 16. b3 Qe7 17. O-O-O Qa3+ 18. Kb1 a5 19. Bc1 Qc5 20. Bb2 Qb6 21. Rd2 c5
22. Rhd1 Rfd8 23. f3 Rxd2 24. Qxd2 Bf7 25. fxe4 fxe4 26. Qd7 c4 27. Bxc4 Bxc4
28. bxc4 Qxe3 29. Qd6 Rf8 30. Qxg6 Qe2 31. Rd5 Rf1+ 32. Bc1 Rxc1+ 33. Kxc1 Qe1+
34. Kc2 Qxc3+ 35. Kd1 Qa1+ 36. Ke2 Qxa2+ 37. Ke3 Qa3+ 38. Kxe4 Qe7+ 39. Kf3 a4
40. Rxh5 Qa3+ 41. Kg4 Kf8 42. Rf5+ Kg8 43. Qf7+ 1-0

[Event "AUTO-MASTER-588"]
[Site "http://www.queenalice.com/game.php?id=449476"]
[Date "2008.8.16"]
[Round "1"]
[White "CCapivara"]
[Black "DuckKiller"]
[Result "0-1"]
[WhiteElo "2087"]
[BlackElo "2058"]

1. e4 c5 2. Nf3 Nc6 3. d4 cxd4 4. Nxd4 e5 5. Nb5 a6 6. N5c3 Nf6 7. Bg5 Be7 8.
Bxf6 gxf6 9. Nd5 d6 10. Nbc3 Be6 11. Nxe7 Nxe7 12. Bd3 d5 13. exd5 Nxd5 14. Nxd5
Qxd5 15. O-O e4 16. Be2 Qe5 17. c3 O-O 18. Re1 Rfd8 19. Qc2 Qf4 20. Rad1 Rac8
21. Bf1 Bf5 22. Rxd8+ Rxd8 23. Rd1 Rxd1 24. Qxd1 Be6 25. g3 Qf5 26. c4 Kg7 27.
b3 h6 28. Bg2 Qe5 29. Qd2 Qa1+ 30. Bf1 Bh3 31. Qe2 f5 32. b4 Bxf1 33. Qxf1 Qxa2
34. c5 Qd2 35. Qa1+ Kg6 36. Qa3 f4 37. gxf4 Qxf4 38. Qc3 Kf5 39. Qd4 Kg4 40.
Qd7+ f5 41. Qxb7 Kf3 42. Qxa6 Qg5+ 43. Kf1 Qc1# 0-1

[Event "AUTO-MASTER-588"]
[Site "http://www.queenalice.com/game.php?id=449477"]
[Date "2008.8.16"]
[Round "1"]
[White "DuckKiller"]
[Black "CCapivara"]
[Result "1-0"]
[WhiteElo "1999"]
[BlackElo "2129"]

1. Nf3 c5 2. d4 cxd4 3. Nxd4 Nf6 4. e3 g6 5. Bd3 Bg7 6. c3 O-O 7. Qc2 Nc6 8. Nd2
Nxd4 9. exd4 b6 10. Ne4 Bb7 11. Nxf6+ Bxf6 12. O-O Rc8 13. Qe2 Qc7 14. Re1 Rfe8
15. Qg4 e5 16. Be3 Bg7 17. dxe5 Bxe5 18. f4 Bd6 19. Kh1 h5 20. Qg3 Bc5 21. Bxc5
Qxc5 22. f5 Kg7 23. fxg6 h4 24. Qg4 Rxe1+ 25. Rxe1 Qf2 26. gxf7+ 1-0

[Event "Heaven vs Hell-2"]
[Site "http://www.queenalice.com/game.php?id=494641"]
[Date "2008.11.17"]
[Round "4"]
[White "DuckKiller"]
[Black "Gil"]
[Result "0-1"]
[WhiteElo "2102"]
[BlackElo "2314"]

1. Nf3 d5 2. d4 e6 3. Nbd2 Nf6 4. e3 c5 5. c3 Be7 6. dxc5 Bxc5 7. Bd3 O-O 8. Qc2
Nc6 9. h3 g6 10. Nb3 Bd6 11. Bd2 e5 12. e4 dxe4 13. Bxe4 Nxe4 14. Qxe4 Bf5 15.
Qe2 a5 16. h4 a4 17. Nc1 Re8 18. Bg5 Qc7 19. O-O e4 20. Nd4 Nxd4 21. cxd4 Rac8
22. Re1 Qb6 23. Be3 h5 24. a3 Be7 25. d5 Qa5 26. Bg5 Rc2 27. Qf1 Bxg5 28. hxg5
Qxd5 29. Re2 Rc4 30. b3 axb3 31. Nxb3 Rc3 32. Nc1 Qe5 33. Rb1 e3 34. Rxb7 Be4
35. Rd7 Bxg2 36. Kxg2 Qxg5+ 37. Kh1 Qh4+ 38. Kg1 exf2+ 39. Rxf2 Rh3 40. Qxh3
Qxh3 41. Rdxf7 Re1+ 42. Rf1 Qg4+ 43. Kh1 Re3 44. Rf8+ Kg7 45. R1f7+ Kh6 0-1

[Event "AUTO-MASTER-588"]
[Site "http://www.queenalice.com/game.php?id=495267"]
[Date "2008.11.19"]
[Round "2"]
[White "Rutty"]
[Black "DuckKiller"]
[Result "1-0"]
[WhiteElo "2116"]
[BlackElo "2100"]

1. e4 c5 2. Nf3 e6 3. d4 cxd4 4. Nxd4 Nc6 5. Nxc6 bxc6 6. Nc3 Be7 7. e5 d5 8.
exd6 Bxd6 9. Bd3 Qc7 10. h3 Rb8 11. O-O Ne7 12. Ne4 Bb7 13. Nxd6+ Qxd6 14. Be3
Ra8 15. Qg4 Ng6 16. Rad1 Qc7 17. Bxg6 hxg6 18. Bc5 Rh5 19. Bd6 Qa5 20. Ba3 Rg5
21. Qh4 Rc5 22. Bxc5 Qxc5 23. c3 Qe7 24. Qh8+ Qf8 25. Qxf8+ Kxf8 26. Rd7 Ba6 27.
Rfd1 Bc4 28. b3 Bd5 29. c4 Be4 30. Rd8+ Rxd8 31. Rxd8+ Ke7 32. Ra8 Bb1 33. Rxa7+
Ke8 34. a3 1-0

[Event "AUTO-MASTER-588"]
[Site "http://www.queenalice.com/game.php?id=495268"]
[Date "2008.11.19"]
[Round "2"]
[White "DuckKiller"]
[Black "Rutty"]
[Result "1-0"]
[WhiteElo "2084"]
[BlackElo "2128"]

1. Nf3 g6 2. d4 Bg7 3. Nbd2 d5 4. e3 Nf6 5. Bd3 O-O 6. c3 Bg4 7. Qc2 Bxf3 8.
Nxf3 Nc6 9. h4 Qd6 10. Bd2 e5 11. dxe5 Nxe5 12. Nxe5 Qxe5 13. O-O-O c5 14. f3 d4
15. c4 a6 16. exd4 cxd4 17. g4 Rfc8 18. Rde1 Qd6 19. Kb1 b5 20. g5 bxc4 21. Bxc4
Nd5 22. b3 Nc3+ 23. Bxc3 dxc3 24. h5 Rab8 25. Rd1 Qb6 26. hxg6 Rxc4 27. gxf7+
Kf8 28. Rxh7 Rd4 29. Rdh1 Qd6 30. Rxg7 Kxg7 31. f8=Q+ Kxf8 32. Rh8+ Ke7 33. Qh7+
Ke6 34. Qg6+ Kd5 35. Qxd6+ Kxd6 36. Rxb8 Kc7 37. Re8 Rd3 38. g6 1-0

[Event "AUTO-MASTER-588"]
[Site "http://www.queenalice.com/game.php?id=495269"]
[Date "2008.11.19"]
[Round "2"]
[White "fatharry"]
[Black "DuckKiller"]
[Result "0-1"]
[WhiteElo "1987"]
[BlackElo "2088"]

1. e4 c5 2. f4 Nc6 3. Nf3 e6 4. Nc3 d6 5. Bc4 Be7 6. O-O Na5 7. Bb5+ Bd7 8. Qe2
Nc6 9. d3 a6 10. Ba4 Nf6 11. a3 b5 12. Bb3 Nd4 13. Nxd4 cxd4 14. Na2 e5 15. c3
O-O 0-1

[Event "AUTO-MASTER-588"]
[Site "http://www.queenalice.com/game.php?id=495270"]
[Date "2008.11.19"]
[Round "2"]
[White "DuckKiller"]
[Black "fatharry"]
[Result "1-0"]
[WhiteElo "2075"]
[BlackElo "2000"]

1. Nf3 d6 2. d4 f5 3. Nbd2 Nf6 4. e3 Nbd7 5. Bd3 e5 6. dxe5 Nxe5 7. Nb3 Nxd3+ 8.
cxd3 Be7 9. O-O O-O 10. Bd2 b6 11. Nbd4 Qe8 12. Rc1 c5 13. Ne2 Bb7 14. Nc3 Ng4
15. h3 1-0